000 00454nam a2200193Ia 4500
005 20250423100158.0
008 250422s9999 xx 000 0 und d
020 _a9780136136927
050 _aRC 440 .E29/
100 _aEby, Linda
245 0 _aMental health nursing care
250 _a2nd ed.
260 _aNew Jersey
260 _bPearson Prentice Hall
260 _c2009
300 _a429 p
650 _aPsychiatric nursing.
942 _cBK
999 _c32516
_d32516